000 00767pam a2200241 a 4500
008
020 _a0201533553
049 _aMAIN
090 _aQC176.8.E4
_bAND
100 1 _aAnderson, P.W.
245 1 0 _aConcepts in solids :
_blectures on the theory of solids /
_cP.W. Anderson.
260 _aRedwood City :
_bAddison-Wesley, Advanced Book Program,
_cc1992.
300 _axviii, 188 p. :
_bill. ;
_c25 cm.
440 0 _aAdvanced book classics.
504 _aIncludes bibliographical references.
650 0 _aEnergy-band theory of solids.
650 0 _aElectronic excitation.
907 _a.b10032757
_b17-09-12
_c17-04-03
003
005 20230123133153.0
040 _cNUST
942 _cBOOKS
_kQC176.8.E4
_mAND
999 _c143958
_d143958